| 000 | 00837nam a22002057a 4500 | ||
|---|---|---|---|
| 999 |
_c57617 _d57617 |
||
| 003 | Ge_BSU | ||
| 005 | 20200818135507.0 | ||
| 008 | 200818s2019 ge ||||| |||| 00| 0 geo d | ||
| 020 | _a9789941951268 | ||
| 041 | _ageo | ||
| 080 | _a348 ჩ-59 | ||
| 100 |
_aჩიკვაიძე, დავით _9123 |
||
| 245 |
_aსაქმისწარმოება საეკლესიო სასამართლოში / _cდავით ჩიკვაიძე. |
||
| 264 |
_aთბილისი : _bიურისტების სამყარო, _c2019. |
||
| 300 |
_a164 გვ. _b21 სმ. |
||
| 504 | _aბიბლიოგრ. გვ. 162-163 | ||
| 653 | _aსაეკლესიო სამართალი | ||
| 653 | _aკანონიკური სამართალი | ||
| 942 |
_2udc _cBK |
||